000 00578nam a2200181Ia 4500
003 GCL
008 140319s9999 xx 000 0 ara d
040 _aGCL /
_cGCL
082 0 4 _a331.88
_bا م
100 1 _aاتحاد العمال العرب
245 1 0 _aالمفاوضة الجماعية /
_cاتحاد العمال العرب
300 _a45 ص
490 _aالمكتبة العمالية
_v0
650 0 4 _aالنقابات العمالية
650 0 4 _aالمنازعات العمالية
650 0 4 _aالعمل والعمال - نقابات
942 _2ddc
_cBK
999 _c50529
_d50529